[Event "POL-chT3 Dolnoslaskie 1415"]
[Site "Poland"]
[Date "2014.11.09"]
[Round "2.6"]
[White "Ilczuk, Piotr"]
[Black "Balinski, Damian"]
[Result "1/2-1/2"]
[WhiteElo "2173"]
[BlackElo "2138"]
[PlyCount "132"]
[EventDate "2014.10.26"]
[EventType "team-tourn"]
[EventRounds "11"]
[EventCountry "POL"]
[SourceTitle "EXT 2018"]
[Source "ChessBase"]
[SourceDate "2017.10.13"]
[SourceVersion "1"]
[SourceVersionDate "2017.10.13"]
[SourceQuality "1"]
[WhiteTeam "Wroclaw MUKS MDK Fabryczna"]
[BlackTeam "Olesnica Pogon"]
[WhiteTeamCountry "POL"]
[BlackTeamCountry "POL"]

1. e4 d6 2. Bc4 Nf6 3. d3 g6 4. f4 c6 5. Nd2 d5 6. Bb3 Bh6 7. Qf3 Na6 8. e5 Nh5 9. Ne2 f5 10. h3 0-0 11. Nf1 Ng7 12. g4 Ne6 13. Nfg3 Nec5 14. g5 Bg7 15. h4 Nxb3 16. axb3 Nb4 17. Kd1 d4 18. Bd2 Na6 19. h5 Re8 20. Qf2 c5 21. b4 Qd5 22. bxc5 Rd8 23. b4 Be6 24. Nc1 Nc7 25. Rh3 b6 26. cxb6 axb6 27. Rxa8 Qxa8 28. Nge2 Nb5 29. hxg6 hxg6 30. Qh2 Rc8 31. Qf2 Qa4 32. Nxd4 Nxd4 33. Qxd4 Rxc2 34. Ke1 Qa3 35. Kd1 Qa4 36. Ke1 Qc6 37. Ne2 Qg2 38. Rg3 Qh1+ 39. Qg1 Qa8 40. Nd4 Ra2 41. Ke2 Bd5 42. Qh2 Qa3 43. Ke3 Qb2 44. Rg1 Bxe5 45. Nf3 Bg7 46. Rd1 Qb3 47. Qe2 Bc6 48. Kf2 Qd5 49. Ne1 Bc3 50. Kg3 e5 51. fxe5 Bxe5+ 52. Kf2 Bd4+ 53. Kg3 f4+ 54. Kxf4 Qf5+ 55. Kg3 Be5+ 56. Kh4 Bf4 57. Nf3 Bxf3 58. Qe8+ Qf8 59. Qxg6+ Qg7 60. Qe8+ Kh7 61. g6+ Qxg6 62. Qd7+ Kg8 63. Qd8+ Kf7 64. Qd7+ Kf8 65. Qd8+ Kf7 66. Qd7+ Kf8 1/2-1/2

[Event "POL-chT3 Dolnoslaskie 1314"]
[Site "Poland"]
[Date "2013.10.20"]
[Round "1.26"]
[White "Kolasinski, Krzysztof"]
[Black "Ilczuk, Piotr"]
[Result "1/2-1/2"]
[WhiteElo "1978"]
[BlackElo "2200"]
[PlyCount "46"]
[EventDate "2013.10.20"]
[EventType "team-tourn"]
[EventRounds "11"]
[EventCountry "POL"]
[SourceTitle "EXT 2018"]
[Source "ChessBase"]
[SourceDate "2017.10.13"]
[SourceVersion "1"]
[SourceVersionDate "2017.10.13"]
[SourceQuality "1"]
[WhiteTeam "Gant Hetman"]
[BlackTeam "Wroclaw MUKS MDK Fabryczna"]
[WhiteTeamCountry "POL"]
[BlackTeamCountry "POL"]

1. Nf3 d5 2. c4 c6 3. g3 Nf6 4. Bg2 e6 5. 0-0 Be7 6. d4 Nbd7 7. Qc2 0-0 8. Nbd2 b5 9. b3 Bb7 10. e4 bxc4 11. bxc4 dxe4 12. Nxe4 c5 13. Nxf6+ Nxf6 14. Bb2 Qc7 15. dxc5 Qxc5 16. Bxf6 Bxf6 17. Ng5 Bxg5 18. Bxb7 Rab8 19. Rab1 Bf6 20. Rb5 Qc7 21. Rfb1 g6 22. Bf3 Rxb5 23. Rxb5 Rb8 1/2-1/2

[Event "POL-chT 55th"]
[Site "Suwalki"]
[Date "1999.09.23"]
[Round "6"]
[White "Kengis, Edvins"]
[Black "Ilczuk, Piotr"]
[Result "1-0"]
[WhiteElo "2573"]
[BlackElo "2323"]
[PlyCount "41"]
[EventDate "1999.09.18"]
[EventType "team-tourn"]
[EventRounds "11"]
[EventCountry "POL"]
[SourceTitle "EXT 2019"]
[Source "ChessBase"]
[SourceDate "2018.10.10"]
[SourceVersion "1"]
[SourceVersionDate "2018.10.10"]
[SourceQuality "1"]
[WhiteTeam "Wroclaw Hetman"]
[BlackTeam "Koszalin Hetman Politechnika"]
[WhiteTeamCountry "POL"]
[BlackTeamCountry "POL"]

1. Nf3 Nc6 2. d4 d5 3. g3 Bg4 4. Bg2 Qd7 5. h3 Bh5 6. c3 f6 7. b4 a6 8. 0-0 e5 9. dxe5 fxe5 10. e4 Bxf3 11. Qxf3 d4 12. cxd4 Qxd4 13. Nc3 Nf6 14. Bg5 Bxb4 15. Nd5 0-0-0 16. Rab1 Be7 17. Qb3 Qa7 18. Nxe7+ Nxe7 19. Bxf6 gxf6 20. Qe6+ Rd7 21. Rbd1 1-0

[Event "POL-ch U26"]
[Site "Poland"]
[Date "1998.??.??"]
[Round "?"]
[White "Ilczuk, Piotr"]
[Black "Gawronski, Miroslaw"]
[Result "1-0"]
[WhiteElo "2270"]
[BlackElo "2185"]
[PlyCount "55"]
[EventDate "1998.??.??"]
[EventType "swiss"]
[EventRounds "9"]
[EventCountry "POL"]
[SourceTitle "EXT 2002"]
[Source "ChessBase"]
[SourceDate "2001.11.25"]
[SourceVersion "1"]
[SourceVersionDate "2001.11.25"]
[SourceQuality "1"]

1. e4 d6 2. d4 Nf6 3. Nc3 c6 4. f4 Qa5 5. Bd2 e5 6. Nf3 Nbd7 7. Nd5 Qd8 8. Nxf6+ Qxf6 9. fxe5 dxe5 10. Bc4 Be7 11. 0-0 Qd6 12. c3 0-0 13. Ng5 Nf6 14. Bxf7+ Rxf7 15. Qb3 Be6 16. Nxe6 h6 17. Rae1 Re8 18. dxe5 Qxe5 19. Rf5 Qd6 20. Nd4 Qd7 21. e5 Bc5 22. e6 Bxd4+ 23. cxd4 Qxd4+ 24. Be3 Rxe6 25. Qxe6 Qxb2 26. Bxa7 b6 27. Bb8 Qd4+ 28. Rf2 1-0

[Event "POL-ch U26"]
[Site "Poland"]
[Date "1998.??.??"]
[Round "?"]
[White "Ilczuk, Piotr"]
[Black "Przedmojski, Rafal"]
[Result "0-1"]
[WhiteElo "2270"]
[BlackElo "2350"]
[PlyCount "80"]
[EventDate "1998.??.??"]
[EventType "swiss"]
[EventRounds "9"]
[EventCountry "POL"]
[SourceTitle "EXT 2002"]
[Source "ChessBase"]
[SourceDate "2001.11.25"]
[SourceVersion "1"]
[SourceVersionDate "2001.11.25"]
[SourceQuality "1"]

1. e4 c5 2. Nf3 d6 3. Bb5+ Nd7 4. 0-0 Ngf6 5. Re1 e6 6. c3 a6 7. Ba4 c4 8. Bc2 Qc7 9. b3 Be7 10. Qe2 cxb3 11. axb3 0-0 12. d4 e5 13. c4 Re8 14. Nc3 Nf8 15. Nd5 Nxd5 16. exd5 Bf6 17. Bg5 Bg4 18. Bxf6 gxf6 19. Qd3 Bh5 20. Nh4 Bg6 21. Nf5 Qd7 22. Qf3 exd4 23. Nxd4 Rxe1+ 24. Rxe1 Re8 25. Re3 Qd8 26. h4 Re5 27. Bf5 Qa5 28. Re4 Qd2 29. g4 Nd7 30. h5 Nc5 31. Rxe5 dxe5 32. hxg6 hxg6 33. Ne6 fxe6 34. Bxg6 Qg5 35. Be4 f5 36. dxe6 Nxe4 37. Qxf5 Qxf5 38. gxf5 Kg7 39. Kg2 Nd6 40. Kf3 Kf6 0-1

[Event "Koszalin op"]
[Site "Koszalin"]
[Date "1996.??.??"]
[Round "1"]
[White "Ilczuk, Piotr"]
[Black "Kaminski, Marcin"]
[Result "0-1"]
[WhiteElo "2250"]
[BlackElo "2525"]
[PlyCount "43"]
[EventDate "1996.??.??"]
[EventType "tourn"]
[EventRounds "9"]
[EventCountry "POL"]
[SourceTitle "EXT 1999"]
[Source "ChessBase"]
[SourceDate "1998.11.16"]
[SourceVersion "1"]
[SourceVersionDate "1998.11.16"]
[SourceQuality "1"]

1. e4 e6 2. d4 d5 3. exd5 exd5 4. Nf3 Bd6 5. c4 dxc4 6. Bxc4 Nf6 7. 0-0 0-0 8. Nc3 Nc6 9. h3 h6 10. Re1 Bf5 11. d5 Ne7 12. Nd4 Bh7 13. Qf3 Ng6 14. Bd3 Nd7 15. Bc2 a6 16. Qh5 Re8 17. Bd2 Qf6 18. Nf5 Nf4 19. Qg4 h5 20. Nh6+ Kf8 21. Qxd7 Bxc2 22. Rac1 0-1

[Event "POL-chT 51st"]
[Site "Lubniewice"]
[Date "1995.09.??"]
[Round "4"]
[White "Gasiorowski, Ryszard"]
[Black "Ilczuk, Piotr"]
[Result "1-0"]
[WhiteElo "2230"]
[BlackElo "2320"]
[PlyCount "79"]
[EventDate "1995.09.14"]
[EventType "team-tourn"]
[EventRounds "11"]
[EventCountry "POL"]
[SourceTitle "EXT 2019"]
[Source "ChessBase"]
[SourceDate "2018.10.10"]
[SourceVersion "1"]
[SourceVersionDate "2018.10.10"]
[SourceQuality "1"]
[WhiteTeam "Suwalki Hancza"]
[BlackTeam "Wroclaw Hetman"]
[WhiteTeamCountry "POL"]
[BlackTeamCountry "POL"]

1. d4 Nf6 2. c4 e5 3. dxe5 Ne4 4. Nd2 Nc5 5. Ngf3 Nc6 6. g3 d6 7. exd6 Bxd6 8. Bg2 Bf5 9. 0-0 Qe7 10. Nb3 0-0-0 11. Be3 Be4 12. Nxc5 Bxc5 13. Bxc5 Qxc5 14. Qb3 Na5 15. Qc3 f6 16. Rac1 Nc6 17. Rcd1 Bxf3 18. Bxf3 Nd4 19. Bg4+ f5 20. e3 Ne6 21. b4 Qf8 22. Qe5 fxg4 23. Qxe6+ Kb8 24. Rxd8+ Qxd8 25. Qxg4 h5 26. Qxg7 h4 27. Qg4 Qe7 28. Rd1 hxg3 29. hxg3 Qxb4 30. Qd7 Rc8 31. Qd4 a5 32. Kg2 Qa4 33. Rd2 Qc6+ 34. Qd5 Qh6 35. Qxa5 Rh8 36. Kf1 Qh3+ 37. Ke1 Qg4 38. Qd5 Rh5 39. Qd8+ Ka7 40. Qd4+ 1-0

[Event "POL-chT 51st"]
[Site "Lubniewice"]
[Date "1995.09.??"]
[Round "3"]
[White "Ilczuk, Piotr"]
[Black "Grabarczyk, Bogdan"]
[Result "1/2-1/2"]
[WhiteElo "2320"]
[BlackElo "2370"]
[PlyCount "81"]
[EventDate "1995.09.14"]
[EventType "team-tourn"]
[EventRounds "11"]
[EventCountry "POL"]
[SourceTitle "EXT 2019"]
[Source "ChessBase"]
[SourceDate "2018.10.10"]
[SourceVersion "1"]
[SourceVersionDate "2018.10.10"]
[SourceQuality "1"]
[WhiteTeam "Wroclaw Hetman"]
[BlackTeam "Plock PTSz"]
[WhiteTeamCountry "POL"]
[BlackTeamCountry "POL"]

1. e4 c5 2. Nf3 d6 3. d4 cxd4 4. Nxd4 Nf6 5. Nc3 g6 6. Be3 Bg7 7. f3 Nc6 8. Qd2 0-0 9. g4 e6 10. 0-0-0 d5 11. g5 Nh5 12. Nb3 a5 13. a4 Nb4 14. exd5 exd5 15. Nxd5 Nxd5 16. Qxd5 Qe8 17. Qe4 Be6 18. Bb5 Qc8 19. Nc5 Bh3 20. Rhe1 Qc7 21. Qxb7 Qxh2 22. Nd7 Rfc8 23. Rd2 Qg3 24. Rg1 Qh4 25. Nb6 Bxb2+ 26. Kxb2 Qb4+ 27. Ka2 Be6+ 28. c4 Rxc4 29. Nxc4 Bxc4+ 30. Ka1 Re8 31. Re1 Nf4 32. Bxe8 Qxb7 33. Bxf4 Qb4 34. Bxf7+ Kg7 35. Bxc4 Qc3+ 36. Kb1 Qb4+ 37. Bb3 Qxb3+ 38. Rb2 Qd3+ 39. Ka1 Qa3+ 40. Kb1 Qd3+ 41. Ka1 1/2-1/2

[Event "POL-chT 51st"]
[Site "Lubniewice"]
[Date "1995.09.??"]
[Round "2"]
[White "Kiedrowicz, Jan"]
[Black "Ilczuk, Piotr"]
[Result "1/2-1/2"]
[WhiteElo "2340"]
[BlackElo "2320"]
[PlyCount "48"]
[EventDate "1995.09.14"]
[EventType "team-tourn"]
[EventRounds "11"]
[EventCountry "POL"]
[SourceTitle "EXT 2019"]
[Source "ChessBase"]
[SourceDate "2018.10.10"]
[SourceVersion "1"]
[SourceVersionDate "2018.10.10"]
[SourceQuality "1"]
[WhiteTeam "Gdansk Gedania"]
[BlackTeam "Wroclaw Hetman"]
[WhiteTeamCountry "POL"]
[BlackTeamCountry "POL"]

1. Nf3 d5 2. g3 e6 3. Bg2 Be7 4. 0-0 Nf6 5. d3 b5 6. Nbd2 Bb7 7. a4 a6 8. c3 c5 9. Qb3 Qb6 10. axb5 axb5 11. Rxa8 Bxa8 12. c4 Nc6 13. e4 dxe4 14. dxe4 b4 15. e5 Nd7 16. Qe3 0-0 17. Nb3 Qa6 18. Rd1 Rd8 19. Qe2 Qa4 20. Rd3 Na5 21. Nxa5 Qxa5 22. Nd2 Bxg2 23. Kxg2 Qc7 24. f4 Nb6 1/2-1/2

[Event "POL-chT 51st"]
[Site "Lubniewice"]
[Date "1995.09.??"]
[Round "9"]
[White "Weglarz, Leszek"]
[Black "Ilczuk, Piotr"]
[Result "1-0"]
[WhiteElo "2300"]
[BlackElo "2320"]
[PlyCount "93"]
[EventDate "1995.09.14"]
[EventType "team-tourn"]
[EventRounds "11"]
[EventCountry "POL"]
[SourceTitle "EXT 2019"]
[Source "ChessBase"]
[SourceDate "2018.10.10"]
[SourceVersion "1"]
[SourceVersionDate "2018.10.10"]
[SourceQuality "1"]
[WhiteTeam "Poznan Pocztowiec"]
[BlackTeam "Wroclaw Hetman"]
[WhiteTeamCountry "POL"]
[BlackTeamCountry "POL"]

1. Nf3 Nf6 2. c4 e6 3. g3 d5 4. Bg2 c6 5. Qc2 Be7 6. 0-0 b5 7. b3 bxc4 8. bxc4 Nbd7 9. Bb2 0-0 10. d3 Bb7 11. Nbd2 Nc5 12. Rab1 Nfd7 13. Rfc1 Rb8 14. Ba3 Na6 15. Bxe7 Qxe7 16. Qa4 Nb6 17. Qa5 c5 18. Nb3 Rfc8 19. Nfd2 Nd7 20. d4 cxd4 21. cxd5 exd5 22. Nxd4 Nac5 23. Qa3 Qf6 24. N2f3 Qa6 25. Qb2 Qf6 26. Bh3 Ba6 27. Qa3 Rxb1 28. Rxb1 Re8 29. Bxd7 Nxd7 30. Qa4 Rd8 31. Nc6 Rc8 32. Qxa6 Rxc6 33. Qxa7 Nf8 34. Rb8 g6 35. Qa8 Rc1+ 36. Kg2 Qd6 37. Rd8 Qe7 38. Re8 Qd6 39. Nd4 Rc5 40. a4 Kg7 41. Nb5 Rxb5 42. axb5 Ne6 43. Qb8 Qd7 44. Qe5+ Kh6 45. b6 d4 46. Rxe6 fxe6 47. Qf4+ 1-0

[Event "POL-chT 51st"]
[Site "Lubniewice"]
[Date "1995.??.??"]
[Round "8"]
[White "Gdanski, Jacek"]
[Black "Ilczuk, Piotr"]
[Result "1-0"]
[WhiteElo "2390"]
[BlackElo "2320"]
[PlyCount "69"]
[EventDate "1995.09.14"]
[EventType "team-tourn"]
[EventRounds "11"]
[EventCountry "POL"]
[SourceTitle "EXT 1997"]
[Source "ChessBase"]
[SourceDate "1996.11.15"]
[SourceVersion "1"]
[SourceVersionDate "1996.11.15"]
[SourceQuality "1"]
[WhiteTeam "Warszawa Polonia"]
[BlackTeam "Wroclaw Hetman"]
[WhiteTeamCountry "POL"]
[BlackTeamCountry "POL"]

1. e4 e5 2. Nf3 Nc6 3. Bb5 f5 4. Nc3 fxe4 5. Nxe4 d5 6. Ng3 Bg4 7. h3 Bxf3 8. Qxf3 Qd6 9. 0-0 0-0-0 10. c3 g6 11. d4 e4 12. Qg4+ Qd7 13. Bxc6 bxc6 14. Qe2 Kb7 15. b4 Bd6 16. a4 Ne7 17. Bg5 Rde8 18. Rfe1 e3 19. Bxe3 Bxg3 20. fxg3 Nf5 21. Qf3 Rhf8 22. Bf4 Nd6 23. Qd3 Rxe1+ 24. Rxe1 Ne4 25. b5 g5 26. Be5 Ka8 27. c4 Qf5 28. Qe3 cxb5 29. axb5 Qf7 30. cxd5 Nd6 31. Bxd6 cxd6 32. Kh2 Qxd5 33. b6 Rc8 34. Ra1 a5 35. Qe7 1-0

[Event "POL-chT 50th"]
[Site "Lubniewice"]
[Date "1994.??.??"]
[Round "2"]
[White "Kurlenda, Adam"]
[Black "Ilczuk, Piotr"]
[Result "0-1"]
[WhiteElo "2225"]
[BlackElo "2295"]
[PlyCount "134"]
[EventDate "1994.09.22"]
[EventType "team-tourn"]
[EventRounds "11"]
[EventCountry "POL"]
[SourceTitle "EXT 2019"]
[Source "ChessBase"]
[SourceDate "2018.10.10"]
[SourceVersion "1"]
[SourceVersionDate "2018.10.10"]
[SourceQuality "1"]
[WhiteTeam "Bydgoszcz Chemik"]
[BlackTeam "Wroclaw Hetman"]
[WhiteTeamCountry "POL"]
[BlackTeamCountry "POL"]

1. e4 d5 2. Nc3 dxe4 3. Nxe4 e5 4. Bc4 Nc6 5. Qf3 Qe7 6. Ne2 Be6 7. Bxe6 Qxe6 8. 0-0 Be7 9. d4 Nf6 10. dxe5 Nxe4 11. Qxe4 Qxe5 12. Qxe5 Nxe5 13. Bf4 Bd6 14. b3 0-0-0 15. h3 Rhe8 16. Be3 Nc6 17. c3 Ne7 18. Nd4 Nd5 19. Bd2 Be5 20. Rfe1 c5 21. Nf3 Bxc3 22. Bxc3 Nxc3 23. Ne5 f6 24. Rac1 Rxe5 25. Rxe5 fxe5 26. Rxc3 b6 27. b4 Rd5 28. Kf1 Kb7 29. bxc5 Rxc5 30. Re3 Rc1+ 31. Ke2 Rc2+ 32. Kf3 Rxa2 33. Rxe5 Rc2 34. Ke3 a5 35. g4 a4 36. Kd3 Rxf2 37. Re7+ Ka6 38. Rxg7 Rf3+ 39. Kc4 Rxh3 40. Kb4 a3 41. Rg8 Rg3 42. g5 a2 43. Ra8+ Kb7 44. Rxa2 Rg4+ 45. Kb3 Rxg5 46. Rh2 h5 47. Rh3 Kc6 48. Kc3 Rd5 49. Kb4 Kd6 50. Rh4 Ke6 51. Kc4 b5+ 52. Kb4 Kf6 53. Rh1 Kg5 54. Rg1+ Kf4 55. Rh1 Kg3 56. Rg1+ Kf2 57. Rh1 Kg2 58. Rh4 Kg3 59. Rh1 h4 60. Rg1+ Kf2 61. Rg8 h3 62. Rh8 Kg3 63. Rg8+ Kf3 64. Rh8 Kg4 65. Rg8+ Rg5 66. Rh8 Kg3 67. Ra8 h2 0-1

[Event "POL-chT 50th"]
[Site "Lubniewice"]
[Date "1994.??.??"]
[Round "8"]
[White "Przewoznik, Jan"]
[Black "Ilczuk, Piotr"]
[Result "1-0"]
[WhiteElo "2380"]
[BlackElo "2295"]
[PlyCount "71"]
[EventDate "1994.09.22"]
[EventType "team-tourn"]
[EventRounds "11"]
[EventCountry "POL"]
[SourceTitle "EXT 2019"]
[Source "ChessBase"]
[SourceDate "2018.10.10"]
[SourceVersion "1"]
[SourceVersionDate "2018.10.10"]
[SourceQuality "1"]
[WhiteTeam "Gorzow Wielkopolski Stilon"]
[BlackTeam "Wroclaw Hetman"]
[WhiteTeamCountry "POL"]
[BlackTeamCountry "POL"]

1. Nf3 Nf6 2. c4 c6 3. g3 d5 4. b3 e6 5. Bg2 Be7 6. 0-0 0-0 7. Bb2 b5 8. Qc2 bxc4 9. bxc4 Nbd7 10. d3 Rb8 11. Nbd2 Qa5 12. Nd4 Bb7 13. N4b3 Qa4 14. e4 dxe4 15. dxe4 e5 16. Nf3 Ba6 17. Rfc1 Bd6 18. Nh4 Rb4 19. Bf1 Nc5 20. Nf5 Ncxe4 21. Nxd6 Nxd6 22. Bxe5 Nfe8 23. Nc5 Qxc2 24. Rxc2 Bc8 25. a3 Rb6 26. Rd2 Nb7 27. Nxb7 Rxb7 28. Bg2 f6 29. Bc3 Bd7 30. Bb4 Rf7 31. Re1 Nc7 32. Be7 Ne8 33. Bc5 Nc7 34. Bxc6 Na6 35. Bxb7 Nxc5 36. Bd5 1-0